Are there any prognostic factors for transobturator tape implantation?
Enregistré dans:
| Auteur principal: | |
|---|---|
| Autres auteurs: | , , , , , , |
| Format: | Chapitre de livre |
| Langue: | anglais |
| Sujets: | |
| Tags: |
Pas de tags, Soyez le premier à ajouter un tag!
|
MARC
| LEADER | 00000naa$a2200000$$$4500 | ||
|---|---|---|---|
| 001 | 0095101 | ||
| 005 | 20240502083241.1 | ||
| 041 | 0 | |a eng | |
| 044 | |a NL | ||
| 245 | 1 | 0 | |a Are there any prognostic factors for transobturator tape implantation? |c M. Romančík, P. Weibl, Viera Labudová, I. Lutter, F. Goncalves, A. Havalda, J. Mardiak, M. Obsitnik |
| 500 | |a Abstrakt | ||
| 610 | 2 | 0 | |a zdravie |
| 610 | 2 | 0 | |a starostlivosť zdravotná |
| 610 | 2 | 0 | |a prístroje |
| 100 | 1 | |a Romančík, M. | |
| 700 | 1 | |a Weibl, P. | |
| 700 | 1 | |a Labudová, Viera, 1958- | |
| 700 | 1 | |a Lutter, I. | |
| 700 | 1 | |a Goncalves, F. | |
| 700 | 1 | |a Havalda, A. | |
| 700 | 1 | |a Mardiak, J. | |
| 700 | 1 | |a Obsitnik, M. | |